Statistics for Countries with the highest murder rates.

Click here to take the quiz!

General Stats

  • This quiz has been taken 19 times
  • The average score is 15 of 25

Answer Stats

Murder Rate Answer # % Correct
25.2Brazil16
100%
90.4Honduras1
95%
21.5Mexico20
89%
41.2El Salvador4
89%
17.2Panama25
84%
21.1Dominica21
84%
39.9Guatamala5
84%
53.7Venezuela2
79%
39.3Jamaica6
79%
30.8Colombia11
79%
44.7Belize3
74%
31South Africa10
68%
22.1Dominican Republic18
63%
28.3Dem. Rep. of the Congo-13
58%
29.8Bahamas12
58%
21.6St. Lucia19
53%
28.3Trinidad & Tobago-13
53%
33.6St. Kitts & Nevis9
53%
38Lesotho7
37%
20Nigeria22
37%
33.8Swaziland8
37%
23.1Rwanda17
32%
18.4Botswana24
21%
25.6St. Vincent & the Grenadines15
0%
19.3Equatorial Guinea23
0%

Score Distribution

Percentile by Number Answered

Percent of People with Each Score

Your Score History

You have not taken this quiz